00794 2200277 4500001002100000005001700021008004100038035002400079040001200103082000800115090001700123100001200140245010800152250001100260260003700271300001800308500005500326650002500381700001500406700001800421700002000439850001200459990001500471990001500486990001500501YOGYA-0209000002944220090227024336.0 ind  0010-020900000029442 aYOPDYOG a297 aT 297bRaz D aAL-RAZI aDialog tentang Tuhan dan nabicAl-Razi; penerjemah masykur Ab & Ahmad Sholeh; penyunting Wiwik Sugiarji aCet. 6 aJakartabGema Insani Pressc1994 a69 hlmc19 cm aJudul asli : Muadzarat fi al Raddi 'ala al Nashara aAqaid dan Ilmu kalam aMasykur Ab aSholeh, Ahmad aSugiarji, Wiwik aYOPDYOG a98P1067442 a97P0097184 a98P0106744